|
|
|
|
| LEADER |
00000nam a2200000 a 4500 |
| 001 |
vtls008294221 |
| 003 |
SK-MaSNL |
| 005 |
20260302074134.0 |
| 008 |
240318s2004 xo f 000 0 slo |
| 015 |
|
|
|a SNBA2005/11-04721
|
| 020 |
|
|
|a 8089007457
|q (brož.)
|
| 040 |
|
|
|a SNK
|b slo
|c SNK
|e AACR2
|
| 041 |
0 |
|
|a slo
|a pol
|
| 044 |
|
|
|a xo
|c SK
|
| 072 |
|
7 |
|a 27
|x Kresťanstvo. Kresťanská cirkev všeobecne. Ekleziológia
|2 konspekt
|
| 080 |
|
|
|a 27-762
|2 MDT-MRF
|
| 080 |
|
|
|a (=16)
|2 MDT-MRF
|
| 080 |
|
|
|a (0:82-4)
|2 MDT-MRF
|
| 080 |
|
|
|a 27-675
|2 MDT-MRF
|
| 100 |
1 |
|
|a Slodička, Andrej,
|d 1971-
|4 aut
|9 209065
|
| 245 |
1 |
0 |
|a Ekumenizmus Slovanov
|c Andrej Slodička
|
| 250 |
|
|
|a [1. vyd.]
|
| 260 |
|
|
|a Prešov
|b Petra
|c 2004
|
| 300 |
|
|
|a 95 s.
|c 20 cm
|
| 500 |
|
|
|a Čiast. text a tit. strana poľ.
|
| 504 |
|
|
|a Bibliogr. s. 5-10. Zozn. skrat.
|
| 650 |
0 |
7 |
|a ekumenizmus
|2 SNKPH
|9 1932
|
| 650 |
0 |
7 |
|a Slovania
|2 SNKPH
|9 18587
|
| 650 |
0 |
7 |
|a misijná činnosť
|2 SNKPH
|9 68660
|
| 655 |
|
7 |
|a úvahy
|2 SNKPH
|9 29403
|
| 919 |
|
|
|a 80-89007-45-7
|
| 958 |
|
|
|a OND
|
| 968 |
|
|
|d 2
|
| 999 |
|
|
|c 1163843
|d 1165773
|
| 952 |
|
|
|a SNK
|b SNK
|y PREZ
|7 0
|p 17A0480719
|o snkSC 120991
|i snk2005/14189
|8 0
|0 0
|1 0
|4 0
|d 2005-08-12
|l 0
|r 2025-05-30 00:00:00
|w 2026-02-24
|
| 952 |
|
|
|a SNK
|b SNK
|y VYP
|7 0
|p 17A0480718
|o snkSC 120991 D1
|i snk2005/14190
|8 0
|0 0
|1 0
|4 0
|d 2005-08-12
|l 0
|r 2026-02-24 20:41:20
|w 2026-02-24
|